| 000 | 00590nam a2200229Ia 4500 | ||
|---|---|---|---|
| 003 | 0100 | ||
| 008 | 130307s9999 xx 000 0 und d | ||
| 020 | _a0664209475 | ||
| 040 | _cARRUPELIB | ||
| 050 | _aBT993.2.P3513 1972 | ||
| 100 | _aPannenberg, Wolfhart | ||
| 245 | 4 | _aThe Apostles' Creed | |
| 245 | _bin the light of today's questions | ||
| 260 | _aPhiladelphia | ||
| 260 | _bWestminster Press | ||
| 260 | _c1972 | ||
| 300 | _aviii | ||
| 300 | _b178 p. 22 cm. | ||
| 650 | _bZamb?zia (Mozambique) -- History | ||
| 650 | _cSlavery -- Mozambique -- Zamb?zia | ||
| 942 | 0 | 0 | _01 |
| 999 |
_c94725 _d94725 |
||